[Event "Oberliga Ost B 2023 2024"]
[Site "?"]
[Date "2024.03.16"]
[Round "8.1"]
[Board "1"]
[White "Visakh N R"]
[Black "Dolzhykova, Kateryna"]
[Result "1-0"]
[WhiteElo "2521"]
[BlackElo "2259"]
[PlyCount "101"]
[EventDate "2023.10.22"]
[EventType "team-tourn"]
[EventCountry "GER"]
[WhiteTeam "Heusenstamm SC"]
[BlackTeam "Oberursel SV"]
[WhiteTeamCountry "GER"]
[BlackTeamCountry "GER"]

1. d4 Nf6 2. c4 g6 3. Nc3 Bg7 4. e4 d6 5. Nf3 O-O 6. Bd3 Bg4 7. Be2 e5 8. d5 a5 9. Be3 Na6 10. Nd2 Bxe2 11. Qxe2 Nh5 12. g3 Qe8 13. O-O-O a4 14. a3 f5 15. f3 f4 16. Bf2 fxg3 17. hxg3 Bh6 18. Kb1 Qf7 19. f4 exf4 20. g4 f3 21. Qf1 Bxd2 22. gxh5 Bxc3 23. hxg6 hxg6 24. bxc3 Rae8 25. Qh3 Qg7 26. Bd4 Re5 27. Bxe5 dxe5 28. Qe6+ Qf7 29. Qxe5 Qf6 30. Qxf6 Rxf6 31. e5 Rf8 32. d6 cxd6 33. Rxd6 g5 34. Rg6+ Kf7 35. Rxg5 Ke8 36. Rf1 Nc5 37. Kc2 Rf4 38. Rg3 f2 39. Rg2 Ne4 40. Kd3 Ke7 41. Ke3 Rh4 42. Rg6 Kd7 43. Rb1 Kc7 44. Rg7+ Kc6 45. Rbxb7 f1=N+ 46. Ke2 Nxc3+ 47. Kxf1 Kc5 48. e6 Ne4 49. e7 Nd6 50. Rc7+ Kb6 51. c5+ 1-0

[Event "Oberliga Ost B 2023 2024"]
[Site "?"]
[Date "2024.03.16"]
[Round "8.1"]
[Board "2"]
[White "Heinz, Axel"]
[Black "Sadzikowski, Daniel"]
[Result "0-1"]
[WhiteElo "2417"]
[BlackElo "2502"]
[PlyCount "108"]
[EventDate "2023.10.22"]
[EventType "team-tourn"]
[EventCountry "GER"]
[WhiteTeam "Oberursel SV"]
[BlackTeam "Heusenstamm SC"]
[WhiteTeamCountry "GER"]
[BlackTeamCountry "GER"]

1. e4 c6 2. Nc3 d5 3. Nf3 dxe4 4. Nxe4 Nf6 5. Qe2 Nxe4 6. Qxe4 Nd7 7. Bc4 Nf6 8. Ne5 e6 9. Qe2 b5 10. Bb3 Qc7 11. a4 Bd6 12. d4 c5 13. c3 b4 14. O-O bxc3 15. bxc3 O-O 16. Bf4 Bb7 17. Rac1 Bxg2 18. Rfe1 Be4 19. Bg3 Bf5 20. Nc4 Bxg3 21. hxg3 Rab8 22. Bc2 Bxc2 23. Rxc2 Rfc8 24. Ne3 Qd7 25. a5 cxd4 26. cxd4 Qxd4 27. Rd1 Rxc2 28. Qxc2 Qe5 29. Rb1 Rxb1+ 30. Qxb1 h5 31. a6 Ne4 32. Qb7 Qd4 33. Kg2 g6 34. Kf3 Nc5 35. Qxa7 Qe4+ 36. Ke2 Qd3+ 37. Kf3 Qe4+ 38. Ke2 Qd3+ 39. Kf3 Nxa6 40. Qb6 Kg7 41. Kg2 Qe4+ 42. f3 Qb4 43. Qxa6 Qd2+ 44. Kh3 Qxe3 45. Qa1+ Kh7 46. Qf6 Kg8 47. f4 Qf3 48. Kh2 Qf2+ 49. Kh3 Qg1 50. Kh4 Qc5 51. Qd8+ Kg7 52. g4 g5+ 53. Kxh5 gxf4+ 54. g5 Qc3 0-1

[Event "Oberliga Ost B 2023 2024"]
[Site "?"]
[Date "2024.03.16"]
[Round "8.1"]
[Board "3"]
[White "Poetsch, Hagen"]
[Black "Margolin, Boris"]
[Result "1-0"]
[WhiteElo "2455"]
[BlackElo "2383"]
[PlyCount "99"]
[EventDate "2023.10.22"]
[EventType "team-tourn"]
[EventCountry "GER"]
[WhiteTeam "Heusenstamm SC"]
[BlackTeam "Oberursel SV"]
[WhiteTeamCountry "GER"]
[BlackTeamCountry "GER"]

1. Nf3 d5 2. g3 Nc6 3. d4 Bg4 4. Bg2 Qd7 5. O-O Bh3 6. Bxh3 Qxh3 7. c4 e6 8. Qa4 Nf6 9. cxd5 exd5 10. Nc3 Qd7 11. Nb5 Rc8 12. Rd1 Ne4 13. Nc3 Be7 14. Qb5 Nxc3 15. bxc3 Ne5 16. Qxb7 Nxf3+ 17. exf3 O-O 18. Rb1 Qf5 19. Kg2 Bd6 20. Be3 h5 21. h3 c6 22. Qa6 Qg6 23. Rb7 Rce8 24. Qd3 f5 25. h4 Qe6 26. Bg5 f4 27. gxf4 Rf7 28. Rxf7 Kxf7 29. Qa6 Qd7 30. c4 Rb8 31. cxd5 cxd5 32. Rc1 Rb6 33. Qd3 g6 34. a4 Qf5 35. Qc3 Rb7 36. Qa5 Rd7 37. Rc6 Kg7 38. Ra6 Qf7 39. Qb5 Rb7 40. Qc6 Rd7 41. Ra5 Bf8 42. Rb5 Kh7 43. a5 Bg7 44. a6 Rc7 45. Qd6 Bf8 46. Qxd5 Qxd5 47. Rxd5 Bg7 48. Rc5 Rd7 49. d5 Rd6 50. Be7 1-0

[Event "Oberliga Ost B 2023 2024"]
[Site "?"]
[Date "2024.03.16"]
[Round "8.1"]
[Board "4"]
[White "Weber, Samuel"]
[Black "Zuyev, Igor"]
[Result "0-1"]
[WhiteElo "2293"]
[BlackElo "2461"]
[PlyCount "46"]
[EventDate "2023.10.22"]
[EventType "team-tourn"]
[EventCountry "GER"]
[WhiteTeam "Oberursel SV"]
[BlackTeam "Heusenstamm SC"]
[WhiteTeamCountry "GER"]
[BlackTeamCountry "GER"]

1. e4 c5 2. Nf3 g6 3. d4 cxd4 4. Qxd4 Nf6 5. Qa4 Nc6 6. Nc3 d6 7. e5 Ng4 8. Bb5 Ngxe5 9. Nxe5 dxe5 10. Be3 Bg7 11. Rd1 Bd7 12. Ne4 Qc8 13. Nc5 a6 14. Rxd7 axb5 15. Qxb5 O-O 16. Qxb7 Nd4 17. Bxd4 exd4 18. Qxc8 Rfxc8 19. Nd3 Rxa2 20. O-O Raa8 21. Rxe7 Rxc2 22. Rd1 Bf8 23. Rd7 Rd2 0-1

[Event "Oberliga Ost B 2023 2024"]
[Site "?"]
[Date "2024.03.16"]
[Round "8.1"]
[Board "5"]
[White "Solonar, Stefan"]
[Black "Dubiel, Jacek"]
[Result "1/2-1/2"]
[WhiteElo "2271"]
[BlackElo "2373"]
[PlyCount "29"]
[EventDate "2023.10.22"]
[EventType "team-tourn"]
[EventCountry "GER"]
[WhiteTeam "Heusenstamm SC"]
[BlackTeam "Oberursel SV"]
[WhiteTeamCountry "GER"]
[BlackTeamCountry "GER"]

1. c4 e6 2. Nc3 d5 3. d4 Nf6 4. cxd5 exd5 5. Bg5 Be7 6. e3 O-O 7. Bd3 c6 8. Qc2 Nbd7 9. Nf3 Re8 10. O-O Nf8 11. h3 Nh5 12. Bxe7 Qxe7 13. Ne5 g6 14. Rae1 f6 15. Nf3 1/2-1/2

[Event "Oberliga Ost B 2023 2024"]
[Site "?"]
[Date "2024.03.16"]
[Round "8.1"]
[Board "6"]
[White "Akbarinia, Sayed Arash"]
[Black "Klundt, Klaus"]
[Result "1-0"]
[WhiteElo "2376"]
[BlackElo "2271"]
[PlyCount "97"]
[EventDate "2023.10.22"]
[EventType "team-tourn"]
[EventCountry "GER"]
[WhiteTeam "Oberursel SV"]
[BlackTeam "Heusenstamm SC"]
[WhiteTeamCountry "GER"]
[BlackTeamCountry "GER"]

1. c4 c6 2. Nf3 Nf6 3. g3 d5 4. Bg2 e6 5. O-O Be7 6. d4 O-O 7. Nbd2 Nbd7 8. Qc2 b6 9. e4 Bb7 10. Rd1 Rc8 11. b3 dxe4 12. Nxe4 c5 13. Nxf6+ Bxf6 14. Ng5 Bxg5 15. Bxb7 Rc7 16. Be4 f5 17. Bg2 cxd4 18. Bxg5 Qxg5 19. Rxd4 e5 20. Rd5 Qe7 21. Re1 Rc5 22. Qd2 Rxd5 23. Qxd5+ Kh8 24. Qb7 Qd6 25. Qd5 Qxd5 26. Bxd5 e4 27. f3 Nf6 28. fxe4 fxe4 29. Re2 Re8 30. Kf2 Re5 31. Ke3 h5 32. Kd4 Rg5 33. Bxe4 h4 34. gxh4 Rg4 35. c5 bxc5+ 36. Ke5 Rxh4 37. Bf5 Ng4+ 38. Kd6 g6 39. Bxg4 Rxg4 40. Kxc5 Rh4 41. Kb5 Rf4 42. Ka6 Rf7 43. b4 Kg7 44. b5 g5 45. a4 Kg6 46. a5 g4 47. b6 axb6 48. axb6 Rf1 49. Rb2 1-0

[Event "Oberliga Ost B 2023 2024"]
[Site "?"]
[Date "2024.03.16"]
[Round "8.1"]
[Board "7"]
[White "Roeschlau, Bernd"]
[Black "Schlamp, Robert"]
[Result "1/2-1/2"]
[WhiteElo "2205"]
[BlackElo "2250"]
[PlyCount "77"]
[EventDate "2023.10.22"]
[EventType "team-tourn"]
[EventCountry "GER"]
[WhiteTeam "Heusenstamm SC"]
[BlackTeam "Oberursel SV"]
[WhiteTeamCountry "GER"]
[BlackTeamCountry "GER"]

1. d4 Nf6 2. c4 g6 3. Nc3 Bg7 4. e4 d6 5. Be2 O-O 6. Bg5 Na6 7. Nf3 e5 8. dxe5 dxe5 9. Qxd8 Rxd8 10. Nd5 Nxd5 11. cxd5 f6 12. Be3 Bf8 13. Rc1 b6 14. Bc4 Kh8 15. h3 Nc5 16. Nd2 Bb7 17. b4 Nd7 18. b5 Nc5 19. O-O Bd6 20. f3 a6 21. Nb3 Nxb3 22. axb3 axb5 23. Bxb5 Ra3 24. Rb1 Rda8 25. Bc1 Ra2 26. Bb2 Ba6 27. Bxa6 R8xa6 28. Rfd1 Kg8 29. Kf1 Kf7 30. Ke2 Ke7 31. Kd3 R6a5 32. Rd2 Kd7 33. Bc3 Rxd2+ 34. Bxd2 Ra2 35. Rc1 Ra3 36. Kc2 Ra2+ 37. Kd3 b5 38. Rc2 Ra1 39. Rc1 1/2-1/2

[Event "Oberliga Ost B 2023 2024"]
[Site "?"]
[Date "2024.03.16"]
[Round "8.1"]
[Board "8"]
[White "Yavorovsky, Valeriy"]
[Black "Otte, Marijn"]
[Result "0-1"]
[WhiteElo "2332"]
[BlackElo "2172"]
[PlyCount "56"]
[EventDate "2023.10.22"]
[EventType "team-tourn"]
[EventCountry "GER"]
[WhiteTeam "Oberursel SV"]
[BlackTeam "Heusenstamm SC"]
[WhiteTeamCountry "GER"]
[BlackTeamCountry "GER"]

1. d4 Nf6 2. Nf3 g6 3. c4 Bg7 4. Nc3 O-O 5. e4 c6 6. Be2 d5 7. e5 Ne4 8. O-O Nxc3 9. bxc3 Nd7 10. cxd5 cxd5 11. Bd3 Nb6 12. h3 Bd7 13. Bg5 Rc8 14. Qd2 Nc4 15. Bxc4 Rxc4 16. Rfe1 Re8 17. Bh6 Qc7 18. e6 Bxe6 19. Bxg7 Kxg7 20. Rxe6 fxe6 21. Ng5 Rc6 22. Re1 e5 23. Rxe5 e6 24. f4 h6 25. Nf3 Rf8 26. Qe2 Rxc3 27. Rxe6 Rc1+ 28. Ne1 Qxf4 0-1

[Event "Oberliga Ost B 2023 2024"]
[Site "?"]
[Date "2024.03.16"]
[Round "8.2"]
[Board "1"]
[White "Haack, Kevin"]
[Black "Sadeghi, Behrang"]
[Result "1/2-1/2"]
[WhiteElo "2259"]
[BlackElo "2220"]
[PlyCount "63"]
[EventDate "2023.10.22"]
[EventType "team-tourn"]
[EventCountry "GER"]
[WhiteTeam "Hofheim SV II"]
[BlackTeam "Homburg Bad SK"]
[WhiteTeamCountry "GER"]
[BlackTeamCountry "GER"]

1. d4 Nf6 2. c4 Nc6 3. Nf3 e6 4. g3 d5 5. Bg2 dxc4 6. Qa4 Bb4+ 7. Bd2 Bd6 8. Bc3 O-O 9. O-O Qe7 10. Ne5 Bxe5 11. dxe5 Nd5 12. Qxc4 Nxc3 13. Qxc3 Bd7 14. Nd2 Rab8 15. Rac1 Rfc8 16. a3 a6 17. Nb3 Nd8 18. Nc5 Bb5 19. Qe3 b6 20. Ne4 Nb7 21. Rfd1 Rd8 22. b4 Rxd1+ 23. Rxd1 Rd8 24. Rc1 c5 25. bxc5 bxc5 26. Bf3 Rc8 27. Nc3 Bc6 28. Bxc6 Rxc6 29. Rb1 Qc7 30. h4 h6 31. Qe4 Rb6 32. Rxb6 1/2-1/2

[Event "Oberliga Ost B 2023 2024"]
[Site "?"]
[Date "2024.03.16"]
[Round "8.2"]
[Board "2"]
[White "Lesny, Florian"]
[Black "Zude, Erik"]
[Result "1/2-1/2"]
[WhiteElo "2207"]
[BlackElo "2364"]
[PlyCount "27"]
[EventDate "2023.10.22"]
[EventType "team-tourn"]
[EventCountry "GER"]
[WhiteTeam "Homburg Bad SK"]
[BlackTeam "Hofheim SV II"]
[WhiteTeamCountry "GER"]
[BlackTeamCountry "GER"]

1. e4 e5 2. Nf3 Nc6 3. Bc4 Nf6 4. d3 Bc5 5. O-O d6 6. c3 a5 7. a4 Ba7 8. Nbd2 O-O 9. h3 h6 10. Re1 Be6 11. Bb5 Ne7 12. d4 Ng6 13. Nf1 exd4 14. Nxd4 1/2-1/2

[Event "Oberliga Ost B 2023 2024"]
[Site "?"]
[Date "2024.03.16"]
[Round "8.2"]
[Board "3"]
[White "Weber, Ulrich"]
[Black "Lenz, Jonas"]
[Result "1/2-1/2"]
[WhiteElo "2326"]
[BlackElo "2151"]
[PlyCount "66"]
[EventDate "2023.10.22"]
[EventType "team-tourn"]
[EventCountry "GER"]
[WhiteTeam "Hofheim SV II"]
[BlackTeam "Homburg Bad SK"]
[WhiteTeamCountry "GER"]
[BlackTeamCountry "GER"]

1. Nf3 Nf6 2. g3 g6 3. b3 Bg7 4. Bb2 d5 5. Bg2 O-O 6. O-O Re8 7. c4 c6 8. Qc2 a5 9. a3 Na6 10. d3 Bf5 11. Nbd2 Rc8 12. Rad1 Bg4 13. Rfe1 Qd6 14. e4 e5 15. exd5 cxd5 16. Rxe5 Rxe5 17. Bxe5 Qxa3 18. Ra1 Qe7 19. Rxa5 Nb4 20. Qb1 Nc6 21. Bxf6 Bxf6 22. Rxd5 Ra8 23. d4 Be6 24. Rb5 Nxd4 25. Nxd4 Bxd4 26. Qd3 Ra1+ 27. Nf1 Qf6 28. Qf3 Qxf3 29. Bxf3 Bh3 30. Bg2 Bxg2 31. Kxg2 Ra2 32. Rd5 Rxf2+ 33. Kh3 Rxf1 1/2-1/2

[Event "Oberliga Ost B 2023 2024"]
[Site "?"]
[Date "2024.03.16"]
[Round "8.2"]
[Board "4"]
[White "Wolf, Ulrich Martin"]
[Black "Zude, Arno"]
[Result "1/2-1/2"]
[WhiteElo "2194"]
[BlackElo "2338"]
[PlyCount "104"]
[EventDate "2023.10.22"]
[EventType "team-tourn"]
[EventCountry "GER"]
[WhiteTeam "Homburg Bad SK"]
[BlackTeam "Hofheim SV II"]
[WhiteTeamCountry "GER"]
[BlackTeamCountry "GER"]

1. d4 Nf6 2. Nf3 d5 3. c4 e6 4. g3 dxc4 5. Bg2 c5 6. Qa4+ Bd7 7. Qxc4 b5 8. Qc2 Na6 9. O-O Rc8 10. Qd1 Bc6 11. a4 b4 12. Qd3 Nc7 13. Nbd2 Be7 14. b3 O-O 15. Bb2 Bb7 16. Rac1 Ba6 17. Nc4 Ncd5 18. Nfe5 cxd4 19. Qxd4 Bc5 20. Qh4 Qe7 21. Rfd1 Rfd8 22. Bf3 Bb7 23. Rc2 Nb6 24. Rdc1 h6 25. Bxb7 Qxb7 26. Ng4 Nxg4 27. Qxg4 Bf8 28. Na5 Qd7 29. Nc6 Re8 30. a5 Nd5 31. e4 Nc3 32. Bxc3 bxc3 33. Rxc3 Qb7 34. Qe2 a6 35. Qc2 Kh7 36. h4 h5 37. Qe2 g6 38. b4 Bh6 39. R1c2 Bg7 40. Rc4 Bf8 41. Qf3 Bg7 42. g4 hxg4 43. Qxg4 e5 44. Qd1 Qb5 45. Qd7 Qa4 46. Qxf7 Rf8 47. Qd7 Rcd8 48. Qxd8 Rxd8 49. Nxd8 Qd7 50. Nc6 Qg4+ 51. Kf1 Qd1+ 52. Kg2 Qg4+ 1/2-1/2

[Event "Oberliga Ost B 2023 2024"]
[Site "?"]
[Date "2024.03.16"]
[Round "8.2"]
[Board "5"]
[White "Burkart, Patrick"]
[Black "Kaliski, Erwin"]
[Result "1-0"]
[WhiteElo "2316"]
[BlackElo "2200"]
[PlyCount "59"]
[EventDate "2023.10.22"]
[EventType "team-tourn"]
[EventCountry "GER"]
[WhiteTeam "Hofheim SV II"]
[BlackTeam "Homburg Bad SK"]
[WhiteTeamCountry "GER"]
[BlackTeamCountry "GER"]

1. d4 d5 2. c4 e6 3. Nf3 Nf6 4. g3 Be7 5. Bg2 O-O 6. O-O Nbd7 7. Qc2 c6 8. Nbd2 Re8 9. e4 dxe4 10. Nxe4 Nxe4 11. Qxe4 Nf6 12. Qe2 Qc7 13. Bf4 Bd6 14. Ne5 Nd7 15. c5 Bxe5 16. Bxe5 Nxe5 17. dxe5 b6 18. Rfd1 Bb7 19. Rd6 bxc5 20. Qd2 Rad8 21. Rd1 Rxd6 22. exd6 Qb6 23. d7 Rd8 24. Qd6 g6 25. b3 Kg7 26. h4 h5 27. Be4 a5 28. Qe5+ Kg8 29. Bxg6 fxg6 30. Qxe6+ 1-0

[Event "Oberliga Ost B 2023 2024"]
[Site "?"]
[Date "2024.03.16"]
[Round "8.2"]
[Board "6"]
[White "Schmidt, Walter"]
[Black "Kushka, Alena"]
[Result "1-0"]
[WhiteElo "2208"]
[BlackElo "2146"]
[PlyCount "55"]
[EventDate "2023.10.22"]
[EventType "team-tourn"]
[EventCountry "GER"]
[WhiteTeam "Homburg Bad SK"]
[BlackTeam "Hofheim SV II"]
[WhiteTeamCountry "GER"]
[BlackTeamCountry "GER"]

1. e4 c5 2. Nf3 Nc6 3. d4 cxd4 4. Nxd4 g6 5. c4 Bg7 6. Be3 Qb6 7. Nb3 Qd8 8. Qd2 Nf6 9. Nc3 Ng4 10. Bg5 h6 11. Bf4 d6 12. Be2 Be6 13. O-O g5 14. Bg3 h5 15. Qxg5 Bf6 16. Qd2 h4 17. Bf4 Rg8 18. Nd5 Be5 19. Rac1 Qd7 20. c5 O-O-O 21. f3 Nf6 22. cxd6 Bxd6 23. Nxf6 exf6 24. Rfd1 Bxb3 25. axb3 Qh3 26. Rxc6+ bxc6 27. Ba6+ Kc7 28. Bxd6+ 1-0

[Event "Oberliga Ost B 2023 2024"]
[Site "?"]
[Date "2024.03.16"]
[Round "8.2"]
[Board "7"]
[White "Fish, Jonathan M"]
[Black "Erdmann, Stefan"]
[Result "1-0"]
[WhiteElo "2127"]
[BlackElo "2133"]
[PlyCount "43"]
[EventDate "2023.10.22"]
[EventType "team-tourn"]
[EventCountry "GER"]
[WhiteTeam "Hofheim SV II"]
[BlackTeam "Homburg Bad SK"]
[WhiteTeamCountry "GER"]
[BlackTeamCountry "GER"]

1. e4 c5 2. Nf3 Nc6 3. Bb5 d6 4. O-O Bd7 5. Re1 Nf6 6. c3 a6 7. Bf1 Bg4 8. d4 cxd4 9. cxd4 d5 10. e5 Nd7 11. h3 Bxf3 12. Qxf3 Nxd4 13. Qxd5 Nc2 14. e6 fxe6 15. Rxe6 Qc8 16. Nc3 Qc5 17. Qe4 Nxa1 18. Be3 Qa5 19. b4 Qd8 20. Be2 Qc7 21. Nd5 Qc2 22. Rxe7+ 1-0

[Event "Oberliga Ost B 2023 2024"]
[Site "?"]
[Date "2024.03.16"]
[Round "8.2"]
[Board "8"]
[White "Novak, Volker"]
[Black "Burkart, Lloyd Shang"]
[Result "1/2-1/2"]
[WhiteElo "2127"]
[BlackElo "2064"]
[PlyCount "26"]
[EventDate "2023.10.22"]
[EventType "team-tourn"]
[EventCountry "GER"]
[WhiteTeam "Homburg Bad SK"]
[BlackTeam "Hofheim SV II"]
[WhiteTeamCountry "GER"]
[BlackTeamCountry "GER"]

1. Nf3 Nf6 2. c4 b6 3. g3 c5 4. Bg2 Bb7 5. O-O g6 6. Nc3 Bg7 7. b3 O-O 8. Bb2 d5 9. cxd5 Nxd5 10. Qc2 Nc6 11. Nxd5 Qxd5 12. Bxg7 Kxg7 13. Qc4 Qxc4 1/2-1/2

[Event "Oberliga Ost B 2023 2024"]
[Site "?"]
[Date "2024.03.16"]
[Round "8.3"]
[Board "1"]
[White "Popovics, Adam"]
[Black "Engers, Felix"]
[Result "0-1"]
[WhiteElo "2368"]
[BlackElo "2193"]
[PlyCount "80"]
[EventDate "2023.10.22"]
[EventType "team-tourn"]
[EventCountry "GER"]
[WhiteTeam "Eppstein SVG"]
[BlackTeam "Erfurter SK II"]
[WhiteTeamCountry "GER"]
[BlackTeamCountry "GER"]

1. Nf3 Nf6 2. c4 g6 3. Nc3 Bg7 4. e4 c5 5. d4 cxd4 6. Nxd4 Nc6 7. Be3 Ng4 8. Qxg4 Nxd4 9. Qd1 Nc6 10. Rc1 d6 11. Be2 Be6 12. O-O O-O 13. Qd2 Qa5 14. a3 Rac8 15. Rc2 Rfe8 16. Rb1 f5 17. b4 Qe5 18. exf5 Bxf5 19. Bd3 Nd4 20. Rcc1 b6 21. Nb5 Nxb5 22. cxb5 Rxc1+ 23. Rxc1 Rc8 24. f4 Rxc1+ 25. Qxc1 Qc3 26. Bxf5 Qxc1+ 27. Bxc1 gxf5 28. Kf2 Kf7 29. Ke2 Ke6 30. Kd3 Kd5 31. Bd2 e5 32. Bc3 e4+ 33. Kc2 Bd4 34. h3 h5 35. Be1 Be3 36. g3 Kc4 37. g4 fxg4 38. hxg4 hxg4 39. f5 Bg5 40. Bg3 d5 0-1

[Event "Oberliga Ost B 2023 2024"]
[Site "?"]
[Date "2024.03.16"]
[Round "8.3"]
[Board "2"]
[White "Kosev, Momchil"]
[Black "Berebora, Ferenc"]
[Result "1-0"]
[WhiteElo "1944"]
[BlackElo "2394"]
[PlyCount "69"]
[EventDate "2023.10.22"]
[EventType "team-tourn"]
[EventCountry "GER"]
[WhiteTeam "Erfurter SK II"]
[BlackTeam "Eppstein SVG"]
[WhiteTeamCountry "GER"]
[BlackTeamCountry "GER"]

1. d4 Nf6 2. c4 e6 3. g3 c5 4. d5 exd5 5. cxd5 d6 6. Nc3 g6 7. Bg2 Bg7 8. Nf3 O-O 9. O-O a6 10. a4 Nbd7 11. Bf4 Qc7 12. Nd2 Nh5 13. Be3 Ne5 14. h3 Re8 15. g4 Nf6 16. Bf4 h5 17. g5 Nh7 18. Qb3 Qe7 19. Nde4 Bf5 20. a5 Rad8 21. Rad1 Qc7 22. Ra1 Nf8 23. Nf6+ Bxf6 24. gxf6 Nh7 25. Bg3 Bc8 26. Ne4 Bf5 27. Nc3 c4 28. Qd1 Bc8 29. Ne4 b5 30. Qd2 g5 31. h4 c3 32. bxc3 Nc4 33. Qc1 Bf5 34. Nxg5 Nxf6 35. Qf4 1-0

[Event "Oberliga Ost B 2023 2024"]
[Site "?"]
[Date "2024.03.16"]
[Round "8.3"]
[Board "3"]
[White "Doluhanova, Evgeniya"]
[Black "Seinsoth, Paul"]
[Result "1-0"]
[WhiteElo "2261"]
[BlackElo "1890"]
[PlyCount "77"]
[EventDate "2023.10.22"]
[EventType "team-tourn"]
[EventCountry "GER"]
[WhiteTeam "Eppstein SVG"]
[BlackTeam "Erfurter SK II"]
[WhiteTeamCountry "GER"]
[BlackTeamCountry "GER"]

1. Nf3 Nf6 2. d4 g6 3. Nbd2 Bg7 4. e4 d6 5. Bd3 O-O 6. O-O Nbd7 7. e5 dxe5 8. dxe5 Ng4 9. e6 fxe6 10. c3 Nde5 11. Be2 Nxf3+ 12. Nxf3 Qxd1 13. Rxd1 e5 14. Bc4+ Kh8 15. Bg5 Bf6 16. h3 Bxg5 17. Nxg5 Nf6 18. Nf7+ Kg7 19. Nxe5 Ne4 20. Re1 Nd6 21. Bb3 Bf5 22. g4 Be4 23. Nd7 Rf3 24. Nc5 Bc6 25. Ne6+ Kf6 26. g5+ Kf5 27. Bc2+ Be4 28. Nd4+ Kf4 29. Nxf3 Kxf3 30. Bxe4+ Nxe4 31. Rad1 Nxg5 32. Rd3+ Kf4 33. Rxe7 Nf3+ 34. Kf1 Rf8 35. Ree3 Ne5 36. Rd5 Rf5 37. Ke2 c6 38. Rd4+ Kg5 39. f4+ 1-0

[Event "Oberliga Ost B 2023 2024"]
[Site "?"]
[Date "2024.03.16"]
[Round "8.3"]
[Board "4"]
[White "Krueger, Rainer"]
[Black "Hoffmeister, Frank"]
[Result "1-0"]
[WhiteElo "2105"]
[BlackElo "2167"]
[PlyCount "123"]
[EventDate "2023.10.22"]
[EventType "team-tourn"]
[EventCountry "GER"]
[WhiteTeam "Erfurter SK II"]
[BlackTeam "Eppstein SVG"]
[WhiteTeamCountry "GER"]
[BlackTeamCountry "GER"]

1. Nf3 d5 2. c4 c6 3. b3 Nf6 4. Bb2 Bf5 5. g3 h6 6. Bg2 e6 7. O-O Be7 8. d3 O-O 9. Nbd2 a5 10. Re1 Na6 11. a3 Rc8 12. h3 Bh7 13. Rc1 Nd7 14. Rc2 Bf6 15. Qa1 Re8 16. Bxf6 Nxf6 17. Rb1 c5 18. Ne5 Rc7 19. Qc3 Qd6 20. Ndf3 b6 21. Qd2 Nd7 22. Nxd7 Rxd7 23. Qe3 e5 24. cxd5 Nc7 25. Nd2 Nxd5 26. Bxd5 Qxd5 27. b4 axb4 28. axb4 Rc7 29. Nc4 Qe6 30. bxc5 bxc5 31. Qxe5 Qxe5 32. Nxe5 Bf5 33. Ng4 h5 34. Ne3 Bxh3 35. Rb5 g6 36. Rbxc5 Rxc5 37. Rxc5 Be6 38. d4 Rd8 39. d5 Bd7 40. Kg2 Kf8 41. Nc4 f6 42. e4 g5 43. Nb6 Be8 44. Rc7 Rd6 45. Nc8 Rd7 46. Rxd7 Bxd7 47. Nb6 Bb5 48. f4 g4 49. e5 fxe5 50. fxe5 Ke7 51. Kf2 Kd8 52. d6 Ke8 53. Ke3 Kf7 54. Kf4 Ke6 55. Kg5 Be8 56. d7 Bxd7 57. Nxd7 Kxd7 58. Kxh5 Ke6 59. Kxg4 Kxe5 60. Kg5 Ke6 61. Kg6 Ke7 62. Kg7 1-0

[Event "Oberliga Ost B 2023 2024"]
[Site "?"]
[Date "2024.03.16"]
[Round "8.3"]
[Board "5"]
[White "Paschke, Mario"]
[Black "Zitzelsberger, Philipp"]
[Result "1-0"]
[WhiteElo "2175"]
[BlackElo "1984"]
[PlyCount "117"]
[EventDate "2023.10.22"]
[EventType "team-tourn"]
[EventCountry "GER"]
[WhiteTeam "Eppstein SVG"]
[BlackTeam "Erfurter SK II"]
[WhiteTeamCountry "GER"]
[BlackTeamCountry "GER"]

1. e4 c5 2. Nc3 Nc6 3. Nf3 d6 4. d4 cxd4 5. Nxd4 e5 6. Nf3 Nf6 7. Bg5 Be6 8. Nd2 Be7 9. Bxf6 Bxf6 10. Nc4 Nd4 11. Ne3 Rc8 12. Bd3 g6 13. Ncd5 Bg7 14. c3 Nc6 15. h4 O-O 16. h5 Ne7 17. Bc2 Nxd5 18. Nxd5 Bxd5 19. Qxd5 Qb6 20. Bb3 Rc7 21. Rd1 Rd8 22. Rd3 Qc6 23. Rf3 Qxd5 24. Bxd5 Rdd7 25. Ke2 Rc5 26. b4 Rxd5 27. exd5 e4 28. Re3 f5 29. hxg6 hxg6 30. f3 exf3+ 31. Rxf3 Be5 32. Rh6 Kf7 33. Rh7+ Bg7 34. Re3 Kg8 35. Rhh3 Be5 36. c4 Kg7 37. Ra3 b6 38. Ra4 Rc7 39. b5 Kf6 40. Rha3 Bb2 41. Rxa7 Rxc4 42. Rd3 Bd4 43. Rd2 Ke5 44. Rg7 Kxd5 45. Rxg6 Rb4 46. Rf6 Ke5 47. Rf8 Rxb5 48. Kf3 Rb2 49. Re8+ Kd5 50. Rxb2 Bxb2 51. Kf4 b5 52. Kxf5 Kc4 53. g4 d5 54. g5 b4 55. g6 Kd3 56. Rd8 Kc4 57. Ke6 Bg7 58. Rxd5 Kc3 59. Kf7 1-0

[Event "Oberliga Ost B 2023 2024"]
[Site "?"]
[Date "2024.03.16"]
[Round "8.3"]
[Board "7"]
[White "Kreiling, Carsten"]
[Black "Sunderbrink, Heino"]
[Result "1-0"]
[WhiteElo "2081"]
[BlackElo "1989"]
[PlyCount "131"]
[EventDate "2023.10.22"]
[EventType "team-tourn"]
[EventCountry "GER"]
[WhiteTeam "Eppstein SVG"]
[BlackTeam "Erfurter SK II"]
[WhiteTeamCountry "GER"]
[BlackTeamCountry "GER"]

1. d4 d6 2. e4 Nf6 3. f3 e5 4. d5 Be7 5. Be3 c6 6. c4 O-O 7. Nc3 Nh5 8. Qd2 c5 9. Nge2 Na6 10. O-O-O g6 11. g4 Ng7 12. Ng3 Bh4 13. Bd3 Nc7 14. Rdg1 Bd7 15. Rg2 Kh8 16. Bh6 Rg8 17. Rhg1 Qe7 18. Nge2 a6 19. f4 exf4 20. Qxf4 f6 21. g5 Bxg5 22. Bxg5 fxg5 23. Rxg5 Nh5 24. Qe3 b6 25. e5 dxe5 26. Rxe5 Qf6 27. Re1 Rae8 28. Ng3 Nf4 29. Bf1 Kg7 30. Re7+ Kh8 31. Qe5 Qxe5 32. R1xe5 Rxe7 33. Rxe7 Rg7 34. Rxg7 Kxg7 35. Nce4 h6 36. Kd2 g5 37. a3 Kg6 38. b4 cxb4 39. axb4 h5 40. Bd3 Nxd3 41. Kxd3 h4 42. Ne2 b5 43. d6 bxc4+ 44. Kxc4 Bb5+ 45. Kd4 Ne6+ 46. Ke5 Nd8 47. N2c3 Bc4 48. Kd4 Bf1 49. Nd5 g4 50. Ke5 Nf7+ 51. Kf4 Bd3 52. Ne7+ Kh7 53. d7 Bb5 54. Kxg4 Ne5+ 55. Kxh4 Nxd7 56. Kg5 Ne5 57. h4 Nd3 58. Nd5 Bc4 59. Nef6+ Kg7 60. h5 Bxd5 61. h6+ Kh8 62. Nxd5 Nxb4 63. Nxb4 a5 64. Nc6 a4 65. Kg6 a3 66. Ne5 1-0

[Event "Oberliga Ost B 2023 2024"]
[Site "?"]
[Date "2024.03.16"]
[Round "8.3"]
[Board "8"]
[White "Belin, Anton"]
[Black "Zweschper, Erich"]
[Result "1/2-1/2"]
[WhiteElo "1891"]
[BlackElo "2013"]
[PlyCount "33"]
[EventDate "2023.10.22"]
[EventType "team-tourn"]
[EventCountry "GER"]
[WhiteTeam "Erfurter SK II"]
[BlackTeam "Eppstein SVG"]
[WhiteTeamCountry "GER"]
[BlackTeamCountry "GER"]

1. e4 g6 2. d4 Bg7 3. Nf3 d6 4. Nc3 e6 5. Be2 Nd7 6. Be3 Ne7 7. Qd2 h6 8. h3 a6 9. O-O b6 10. Rfe1 Bb7 11. Rad1 f5 12. exf5 Nxf5 13. Bf4 O-O 14. Be3 Qf6 15. Nh2 Kh7 16. Bf3 d5 17. Ne2 1/2-1/2